000 00545nam a2200205 a 4500
003 0
005 20170302134719.0
008 080124s19uu xx 00 eng d
020 _a983-187-230-4
050 _aTR(GS 428.4
_bM11 2004
100 _aMah, May S.M.
245 _aBill and Jill /
_cMay S.M. Mah.
260 _aMalaysia :
_bRhythm distributor,
_c2004.
300 _a24p.
440 _aPhonics in reading
500 _aSeries 2
520 _aIntroduces words ending with double consonant L
942 _2ddc
_cBK
999 _c106123
_d106123